| 000 | 01421nam0a2200349 4500 | ||
|---|---|---|---|
| 001 | RU\NLR\BIBL_A\010023497 | ||
| 005 | 20260408201011.0 | ||
| 010 | _a978-5-397-04098-3 | ||
| 021 |
_aRU _b2013-95247 _96605 |
||
| 035 | _a(NILC)RuMoRGB-006703987 | ||
| 035 | _a(NLR Aleph) 010023497 | ||
| 090 |
_a9913633 _c9913633 |
||
| 100 | _a20140121d2013 |||y0rusy50 ca | ||
| 101 | 0 | _arus | |
| 102 | _aRU | ||
| 105 | _ay|||||||||||| | ||
| 200 | 1 |
_aЧитая А. А. Зиновьева - создателя логической социологии _e[монография] _fО. Н. Ларин |
|
| 210 |
_aМосква _cЛиброком _cURSS _d2013 |
||
| 215 |
_a112 с. _d22 |
||
| 320 | _aБиблиогр. в подстроч. примеч. | ||
| 600 | 1 |
_aЗиновьев _bА.А. _f1922 - 2006 _gАлександр Александрович _xФилософские взгляды _92444730 _3RU\NLR\AUTH\661454091 |
|
| 686 | 1 | _aЮ3(2)7-60-3 | |
| 700 | 1 |
_aЛарин _bО. Н. _gОлег Николаевич _4070 |
|
| 702 | 1 |
_4540 _7ca _8rus _aЗиновьев _bА. А. _f1922-2006 _gАлександр Александрович _921011 _3RU\NLR\AUTH\7738024 |
|
| 801 | 0 |
_aRU _bRuMoRKP _c20131128 _gRCR |
|
| 801 | 2 |
_aRU _bРГБ _c20131209 _grcr |
|
| 801 | 1 |
_aRU _bRuMoRKP _c20131128 _2rusmarc |
|
| 942 | _cBOOK | ||
| 980 | _aNBR | ||
| 980 | _aNB | ||